000 00556nam a2200193Ia 4500
005 20260114185716.0
008 008 260114s9999 xx 000 0 eng d
020 _a9781350018891
037 _aEBOOK
040 _aCRL
_beng
_cCRL
041 _aeng
_2eng
084 _qCRL
100 _aGraham Hollister-Short
_9873423
245 0 _aHistory of Technology Volume 20
260 _bBloomsbury
_c1999
856 _uhttps://doi.org/10.5040/9781350018891?locatt=label:secondary_bloomsburyCollections
942 _cEBOOK
999 _c1472371
_d1472371